| 000 | 00618nam a2200205 i 4500 | ||
|---|---|---|---|
| 001 | 51164 | ||
| 003 | ES-MaACL | ||
| 005 | 20230906162318.0 | ||
| 007 | t| | ||
| 008 | 030811s1976 sp ||||1| spa d | ||
| 100 | 1 |
_aChard, Chester S. _938065 |
|
| 245 | 1 | 3 |
_aEl hombre en la prehistoria / _cChester S. Chard ; [tradujo Ignacio Zapata Tellechea]. |
| 260 |
_aEstella : _bVerbo Divino, _c1976. |
||
| 300 |
_a528 p. ; _c22 cm. |
||
| 490 | 1 | _aHombre y sociedad | |
| 700 | 1 |
_aZapata Tellechea, Ignacio. _9117998 |
|
| 830 | 0 |
_aHombre y sociedad _9182556 |
|
| 852 |
_aES-MaACL _jA-6072 _bR.95137 |
||
| 999 |
_c51164 _d51164 |
||